Statystyki dla Męskie odpowiedniki żeńskich imion

Kliknij tutaj aby rozwiązać quiz!

Ogólne statystyki

  • Ten quiz został rozwiązany 258 razy
  • Średni wynik to 10 z 12

Statystyki odpowiedzi

Imię żeńskieMęski odpowiednik% Poprawnych
MariannaMarian
99%
BogusławaBogusław
98%
MichalinaMichał
98%
WiktoriaWiktor
98%
AleksandraAleksander
97%
EmiliaEmil
96%
DariaDariusz
95%
KlaudiaKlaudiusz
92%
JuliaJuliusz
81%
PaulaPaweł
58%
MartynaMarcin
43%
OliwiaOliwiusz
20%

Rozkład punktacji

Percentyl według liczby udzielonych odpowiedzi

Procent ludzi z każdym wynikiem

Twoja historia wyników

Nie rozwiązałeś tego quizu